[Event "Asia Cities-ch"]
[Site "Dubai"]
[Date "1992.??.??"]
[Round "5"]
[White "Johansen, Darryl Keith"]
[Black "Aye, Lwin"]
[Result "1/2-1/2"]
[WhiteElo "2485"]
[BlackElo "2360"]
[PlyCount "67"]
[EventDate "1992.??.??"]
[EventType "team-tourn"]
[EventRounds "9"]
[EventCountry "UAE"]
[SourceTitle "CBM 032 Extra"]
[Source "ChessBase"]
[SourceDate "1993.03.01"]
[SourceVersion "1"]
[SourceVersionDate "1993.03.01"]
[SourceQuality "1"]

1. Nf3 Nf6 2. c4 e6 3. d4 b6 4. g3 Bb7 5. Bg2 Be7 6. Nc3 d5 7. Ne5 0-0 8. 0-0 c6 9. e4 dxc4 10. Nxc4 Ba6 11. b3 b5 12. Ne3 b4 13. Ne2 Bxe2 14. Qxe2 Qxd4 15. Bb2 Qb6 16. Rfc1 Nbd7 17. Rc2 Rac8 18. Rac1 Qb7 19. h4 Rfd8 20. g4 Nb6 21. g5 Ne8 22. Ng4 c5 23. e5 Nd5 24. Be4 Bf8 25. Qf3 a5 26. Kh1 Kh8 27. Nf6 Nexf6 28. exf6 g6 29. h5 Kg8 30. hxg6 fxg6 31. Rd1 Qf7 32. Rcd2 c4 33. bxc4 Rxc4 34. Bxd5 1/2-1/2